[Event "4th Transport Ministry's Cup"]
[Site "Warsaw POL"]
[Date "1978.05.30"]
[Round "1"]
[White "Bernard, Ryszard"]
[Black "Nun, Josef"]
[Result "1/2-1/2"]
[WhiteElo "2360"]
[BlackElo "2405"]
[EventDate "1978.05.30"]
[PlyCount "35"]

1.e4 c5 2.Nf3 Nc6 3.c3 Nf6 4.e5 Nd5 5.d4 cxd4 6.cxd4 d6 7.Bc4 e6 8.exd6 
Bxd6 9.O-O O-O 10.Nc3 Nxc3 11.bxc3 Qc7 12.Bd3 e5 13.Ng5 g6 14.Ne4 exd4 15.
Nxd6 Qxd6 16.cxd4 Qxd4 17.Be3 Qd6 18.Be4 1/2-1/2

[Event "4th Transport Ministry's Cup"]
[Site "Warsaw POL"]
[Date "1978.05.30"]
[Round "1"]
[White "Boehlig, Heinz"]
[Black "Kuligowski, Adam"]
[Result "0-1"]
[WhiteElo "2450"]
[BlackElo "2325"]
[EventDate "1978.05.30"]
[PlyCount "76"]

1.d4 Nf6 2.Nf3 c5 3.d5 b5 4.a4 Bb7 5.e4 Nxe4 6.axb5 a6 7.Qd3 Nf6 8.Nc3 g6 
9.Be2 Bg7 10.O-O d6 11.Bg5 O-O 12.Rfd1 axb5 13.Rxa8 Bxa8 14.Qxb5 Nbd7 15.
Ne1 Qc7 16.Qd3 Qb7 17.b3 Qb4 18.Qh3 Nb6 19.Bd2 Qd4 20.Nf3 Qg4 21.Qxg4 Nxg4
22.Bc4 Bb7 23.Re1 Ne5 24.Nxe5 Bxe5 25.Ra1 Ra8 26.Rxa8+ Bxa8 27.g3 Bb7 28.
Kf1 Bxc3 29.Bxc3 Nxc4 30.bxc4 Ba6 31.Ke2 Bxc4+ 32.Ke3 Bxd5 33.f4 h5 34.Bb2
f6 35.Kd3 Kf7 36.c4 Bc6 37.Ke3 Ke6 38.Bc3 Bb7 0-1

[Event "4th Transport Ministry's Cup"]
[Site "Warsaw POL"]
[Date "1978.05.30"]
[Round "1"]
[White "Gromek, Jozef"]
[Black "Filipowicz, Andrzej"]
[Result "0-1"]
[WhiteElo "2370"]
[BlackElo "2355"]
[EventDate "1978.05.30"]
[PlyCount "144"]

1.c4 c5 2.Nf3 g6 3.e4 Bg7 4.d4 Na6 5.d5 d6 6.Nc3 Nf6 7.Be2 O-O 8.O-O Nc7 
9.Bf4 a6 10.a4 b6 11.Qd2 Rb8 12.e5 Nh5 13.Bh6 dxe5 14.Nxe5 Bxe5 15.Bxh5 
Bg7 16.Bf3 Ne8 17.Ne4 Bf5 18.Rfe1 Bxe4 19.Bxe4 Nd6 20.Bd3 Re8 21.Bxg7 Kxg7
22.Re3 f6 23.Rae1 e5 24.Rh3 Nf7 25.f4 exf4 26.Rxe8 Qxe8 27.Qxf4 Qe5 28.
Qxe5 Nxe5 29.Be2 h5 30.Rb3 a5 31.Kf2 Kf7 32.Rh3 Ke7 33.Re3 Kd6 34.Rb3 Kc7 
35.Rc3 Re8 36.Rg3 f5 37.Rc3 h4 38.h3 Kd6 39.Rb3 Nd7 40.Rc3 Re4 41.g3 Ne5 
42.gxh4 Rxh4 43.Rg3 Rd4 44.Rc3 Rd2 45.b3 Ke7 46.Ke1 Rd4 47.Kf2 Kf6 48.Kg2 
Kg5 49.Kg3 f4+ 50.Kf2 Kf5 51.Bf3 Rd2+ 52.Kg1 Nf7 53.Rc1 Rd3 54.Bg4+ Kf6 
55.Rf1 g5 56.Rf3 Rd4 57.Rc3 Rd2 58.Kf1 Ke5 59.Ke1 Rb2 60.Bh5 Nd6 61.Rd3 
Nf5 62.d6 Nxd6 63.Rd5+ Ke6 64.Bg4+ Ke7 65.Rxg5 Rxb3 66.Re5+ Kf7 67.h4 Rg3 
68.Be2 Kf6 69.Rd5 Ne4 70.Bd3 Nc3 71.Rf5+ Ke6 72.Bc2 Re3+ 0-1

[Event "4th Transport Ministry's Cup"]
[Site "Warsaw POL"]
[Date "1978.05.30"]
[Round "1"]
[White "Schinzel, Wladyslaw"]
[Black "Rajna, Gyorgy"]
[Result "1-0"]
[WhiteElo "2400"]
[BlackElo "2410"]
[EventDate "1978.05.30"]
[PlyCount "143"]

1.c4 f5 2.Nf3 Nf6 3.g3 e6 4.Bg2 Be7 5.O-O O-O 6.b3 c6 7.Qc2 d6 8.d4 Bd7 9.
Nc3 d5 10.Ne5 Be8 11.c5 Nbd7 12.Nxd7 Nxd7 13.f4 Bf6 14.Be3 Qe7 15.b4 h6 
16.Qd3 Rd8 17.Bf2 g5 18.b5 Qg7 19.Rac1 Kh7 20.bxc6 bxc6 21.e3 h5 22.Rc2 
Rb8 23.Rb1 Bg6 24.Qd2 Rxb1+ 25.Nxb1 Rb8 26.Qc1 gxf4 27.gxf4 h4 28.Nd2 Bh5 
29.Kf1 Qg4 30.Bf3 Qh3+ 31.Ke2 Bg4 32.Qh1 Bd8 33.Kd3 Nf6 34.Bg2 Ne4 35.Nxe4
dxe4+ 36.Kd2 Bf3 37.Bxh3 Bxh1 38.Kc1 Rb7 39.Bf1 Rg7 40.Rb2 Bf3 41.Rb8 Ba5 
42.Rc8 Bb4 43.Rxc6 Ba3+ 44.Kc2 Rb7 45.Bxh4 Rb2+ 46.Kc3 Bd1 47.Rc7+ Kg6 48.
Rxa7 Rc2+ 49.Kb3 Bc1 50.Kb4 Bxe3 51.Bc4 Bxd4 52.Rd7 Bc3+ 53.Kb5 Rb2+ 54.
Bb3 Bxb3 55.axb3 Rxb3+ 56.Kc4 Ra3 57.c6 Bf6 58.Be1 Ra1 59.Bd2 Ra2 60.c7 
Rc2+ 61.Kb5 Bd4 62.Rxd4 Rxc7 63.Rd6 Kh5 64.Rxe6 Kg4 65.Be1 Kf3 66.Bg3 e3 
67.Re5 e2 68.Rxf5 Rc1 69.Re5 Rd1 70.Kc5 Rd2 71.f5 Rc2+ 72.Kd6 1-0

[Event "4th Transport Ministry's Cup"]
[Site "Warsaw POL"]
[Date "1978.05.31"]
[Round "2"]
[White "Filipowicz, Andrzej"]
[Black "Balogh, Bela"]
[Result "1-0"]
[WhiteElo "2355"]
[BlackElo "2280"]
[EventDate "1978.05.30"]
[PlyCount "63"]

1.Nf3 Nf6 2.c4 g6 3.b3 Bg7 4.Bb2 O-O 5.g3 c5 6.Bg2 Nc6 7.O-O d6 8.e3 e5 9.
Nc3 Bf5 10.d3 Qd7 11.a3 Rfe8 12.Ng5 h6 13.Nge4 Nh7 14.Nb5 Bf8 15.Qd2 Rad8 
16.Nbc3 Bg7 17.b4 b6 18.Nd5 Ne7 19.Nec3 Nxd5 20.Nxd5 Bh3 21.b5 Bxg2 22.
Kxg2 f5 23.a4 Nf6 24.Nxf6+ Bxf6 25.e4 f4 26.Qe2 Rf8 27.gxf4 exf4 28.Bxf6 
Rxf6 29.f3 Qe7 30.a5 d5 31.cxd5 Rxd5 32.Qa2 1-0

[Event "4th Transport Ministry's Cup"]
[Site "Warsaw POL"]
[Date "1978.05.31"]
[Round "2"]
[White "Nun, Josef"]
[Black "Schinzel, Wladyslaw"]
[Result "1/2-1/2"]
[WhiteElo "2405"]
[BlackElo "2400"]
[EventDate "1978.05.30"]
[PlyCount "36"]

1.e4 c5 2.Nf3 e6 3.d3 d5 4.Nbd2 g6 5.g3 Bg7 6.Bg2 Ne7 7.O-O Nbc6 8.c3 O-O 
9.Re1 d4 10.c4 e5 11.Nf1 a6 12.Bd2 Qd6 13.a3 b5 14.b3 Bd7 15.Qc2 Rfb8 16.
Rec1 bxc4 17.dxc4 a5 18.Rab1 Rb7 1/2-1/2

[Event "4th Transport Ministry's Cup"]
[Site "Warsaw POL"]
[Date "1978.05.31"]
[Round "2"]
[White "Rajna, Gyorgy"]
[Black "Gromek, Jozef"]
[Result "1-0"]
[WhiteElo "2410"]
[BlackElo "2370"]
[EventDate "1978.05.30"]
[PlyCount "58"]

1.e4 g6 2.d4 Bg7 3.Nc3 d6 4.Nf3 Nf6 5.Be2 O-O 6.O-O a6 7.Re1 b5 8.e5 dxe5 
9.Nxe5 Bb7 10.Bf3 Nd5 11.Ne4 Nc6 12.Nc5 Nxe5 13.dxe5 Bc6 14.e6 Qd6 15.
exf7+ Rxf7 16.Ne4 Qd8 17.Ng5 Rf6 18.Ne6 Qd6 19.Nxg7 Kxg7 20.Bg5 Rf7 21.
Qd4+ Kg8 22.Rad1 Rd8 23.c4 bxc4 24.Qxc4 Bb7 25.Bg4 Qb6 26.Rd2 Kg7 27.Be6 
Rff8 28.Bxd5 Rxd5 29.Rxe7+ Kg8 1-0

[Event "4th Transport Ministry's Cup"]
[Site "Warsaw POL"]
[Date "1978.05.31"]
[Round "2"]
[White "Webb, Simon"]
[Black "Bernard, Ryszard"]
[Result "1-0"]
[WhiteElo "2445"]
[BlackElo "2360"]
[EventDate "1978.05.30"]
[PlyCount "59"]

1.d4 d5 2.c4 dxc4 3.Nf3 Nf6 4.Nc3 a6 5.e4 b5 6.e5 Nd5 7.a4 c6 8.axb5 Nxc3 
9.bxc3 cxb5 10.Ng5 f6 11.Qf3 Ra7 12.e6 Bb7 13.Qf4 Qc8 14.d5 Bxd5 15.Be3 
Ra8 16.Qf5 Qc6 17.O-O-O g6 18.Qxd5 Qxd5 19.Rxd5 fxg5 20.Rc5 Nd7 21.exd7+ 
Kxd7 22.Be2 Bg7 23.Bg4+ Ke8 24.Rc7 Be5 25.Rb7 Bxc3 26.Bxg5 Bb4 27.Bxe7 
Bxe7 28.Re1 Kf7 29.Rexe7+ Kf6 30.f4 1-0

[Event "4th Transport Ministry's Cup"]
[Site "Warsaw POL"]
[Date "1978.05.31"]
[Round "2"]
[White "Witkowski, Stefan"]
[Black "Kuligowski, Adam"]
[Result "0-1"]
[WhiteElo "2365"]
[BlackElo "2325"]
[EventDate "1978.05.30"]
[PlyCount "58"]

1.c4 Nf6 2.Nc3 d6 3.d4 Nbd7 4.e4 e5 5.Be3 g6 6.f3 Bg7 7.Nge2 O-O 8.Qd2 c6 
9.d5 cxd5 10.cxd5 a6 11.Nc1 Nh5 12.Nd3 f5 13.O-O-O Ndf6 14.Be2 Qe8 15.Kb1 
Bd7 16.Rhg1 b5 17.Rc1 a5 18.exf5 gxf5 19.g4 fxg4 20.fxg4 Nf4 21.Nxf4 exf4 
22.Bxf4 Ne4 23.Qe3 Nxc3+ 24.bxc3 Rxf4 25.Qxf4 Qxe2 26.Qxd6 Qd3+ 27.Kb2 b4 
28.Rg3 bxc3+ 29.Ka3 Qb5 0-1

[Event "4th Transport Ministry's Cup"]
[Site "Warsaw POL"]
[Date "1978.06.01"]
[Round "3"]
[White "Balogh, Bela"]
[Black "Rajna, Gyorgy"]
[Result "0-1"]
[WhiteElo "2280"]
[BlackElo "2410"]
[EventDate "1978.05.30"]
[PlyCount "120"]

1.d4 f5 2.g3 Nf6 3.Bg2 e6 4.Nf3 Be7 5.O-O O-O 6.c4 c6 7.b3 d5 8.Ba3 Bd7 9.
Qc1 Be8 10.Bxe7 Qxe7 11.Qa3 Qc7 12.Ne5 Bh5 13.Nc3 Nbd7 14.Nxd7 Qxd7 15.e3 
Ne4 16.Qb2 g5 17.f4 gxf4 18.Rxf4 Nf6 19.Raf1 Rf7 20.Rh4 Raf8 21.Na4 b6 22.
Qc1 Be2 23.Rff4 Bd3 24.Qc3 Be4 25.Bh3 Rg7 26.Nb2 Qe7 27.Nd1 Qa3 28.Rf2 Qd6
29.Rff4 Rg5 30.c5 bxc5 31.Qxc5 Qxc5 32.dxc5 Nd7 33.Rh6 Rg6 34.Rfh4 Rxh6 
35.Rxh6 Nxc5 36.g4 Kg7 37.g5 Re8 38.Bf1 Nd7 39.Nf2 Bb1 40.a3 Ne5 41.Be2 
Re7 42.Bh5 Ng6 43.b4 e5 44.Be2 d4 45.Rh3 Be4 46.Nxe4 fxe4 47.Rg3 d3 48.Bd1
c5 49.bxc5 Rc7 50.Kg2 Rxc5 51.Kh3 Rc1 52.Rg1 Ne7 53.Kg2 Nd5 54.Bb3 Nxe3+ 
55.Kf2 Rxg1 56.Kxg1 Nc2 57.Bc4 Nxa3 58.Bd5 e3 59.Be4 e2 60.Kf2 Nc2 0-1

[Event "4th Transport Ministry's Cup"]
[Site "Warsaw POL"]
[Date "1978.06.01"]
[Round "3"]
[White "Bernard, Ryszard"]
[Black "Witkowski, Stefan"]
[Result "1/2-1/2"]
[WhiteElo "2360"]
[BlackElo "2365"]
[EventDate "1978.05.30"]
[PlyCount "95"]

1.e4 c5 2.Nf3 Nc6 3.c3 d5 4.exd5 Qxd5 5.d4 cxd4 6.cxd4 e5 7.Nc3 Bb4 8.Bd2 
Bxc3 9.Bxc3 e4 10.Ne5 Nxe5 11.dxe5 Ne7 12.Qe2 O-O 13.Rd1 Qxa2 14.Bb4 Qe6 
15.Qxe4 Re8 16.Bd3 g6 17.O-O Qg4 18.Bc3 Qxe4 19.Bxe4 Nc6 20.f4 Be6 21.Rd6 
Red8 22.Rfd1 Rxd6 23.exd6 f5 24.Bxc6 bxc6 25.Ba5 Bd7 26.Bc7 Kf7 27.Ra1 a6 
28.b4 Be6 29.Kf2 Ke8 30.Ke3 Kd7 31.Kd4 Ra7 32.Kc5 Rb7 33.Bb6 Bc4 34.g3 Bd3
35.Ra3 Bc4 36.h4 h5 37.Ra1 Bd3 38.Ra2 Rb8 39.Rd2 Bb5 40.Bc7 Re8 41.Rd1 Re4
42.Rc1 Ba4 43.Ra1 Bb3 44.Rxa6 Rc4+ 45.Kb6 Rxb4+ 46.Kc5 Rc4+ 47.Kb6 Rb4+ 
48.Kc5 1/2-1/2

[Event "4th Transport Ministry's Cup"]
[Site "Warsaw POL"]
[Date "1978.06.01"]
[Round "3"]
[White "Gromek, Jozef"]
[Black "Nun, Josef"]
[Result "1-0"]
[WhiteElo "2370"]
[BlackElo "2405"]
[EventDate "1978.05.30"]
[PlyCount "119"]

1.d4 Nf6 2.Nc3 d5 3.Bg5 Nbd7 4.f3 h6 5.Bh4 c6 6.e4 g5 7.Bg3 dxe4 8.fxe4 
Qb6 9.Rb1 e5 10.dxe5 Qe3+ 11.Qe2 Ng4 12.Qxe3 Nxe3 13.Kd2 Ng4 14.Nf3 Bg7 
15.e6 fxe6 16.Re1 Nde5 17.h4 Nxf3+ 18.gxf3 Ne5 19.Be2 O-O 20.Ref1 gxh4 21.
Rxh4 Ng6 22.Rh2 e5 23.Bc4+ Kh7 24.Nd1 Bf6 25.Rfh1 Bg5+ 26.Ke2 Bd7 27.Ne3 
Rad8 28.Be1 Rf6 29.Bb4 Bc8 30.Rd1 Nf4+ 31.Ke1 Rxd1+ 32.Kxd1 Ng6 33.Ke2 
Nf4+ 34.Ke1 Nh3 35.Nf5 Bxf5 36.exf5 Nf4 37.Rd2 Nd5 38.Rxd5 cxd5 39.Bxd5 
Kg7 40.c4 b6 41.Be6 Be3 42.Bd6 Bd4 43.b4 h5 44.Kf1 Bc3 45.Kg2 Rh6 46.Be7 
e4 47.fxe4 Rh8 48.a3 Re8 49.Bd6 Kf6 50.Bg3 Bd4 51.Kf3 Rh8 52.Bh4+ Ke5 53.
Bd5 a5 54.f6 Rf8 55.f7 Kd6 56.Kf4 axb4 57.axb4 Rc8 58.b5 Rh8 59.Kf5 Bg7 
60.Bf6 1-0

[Event "4th Transport Ministry's Cup"]
[Site "Warsaw POL"]
[Date "1978.06.01"]
[Round "3"]
[White "Schinzel, Wladyslaw"]
[Black "Webb, Simon"]
[Result "1/2-1/2"]
[WhiteElo "2400"]
[BlackElo "2445"]
[EventDate "1978.05.30"]
[PlyCount "55"]

1.c4 Nf6 2.Nf3 c5 3.d4 cxd4 4.Nxd4 a6 5.Nc3 d5 6.Nb3 dxc4 7.Qxd8+ Kxd8 8.
Na5 e6 9.Nxc4 b5 10.Nb6 Ra7 11.Bf4 Nbd7 12.Nxc8 Kxc8 13.Rc1 Kd8 14.g3 Bc5 
15.Bg2 Ke7 16.O-O h6 17.a3 g5 18.Bd2 Rc7 19.Na2 Rhc8 20.Nb4 Nb8 21.Nd3 Bd6
22.Bb7 Rxc1 23.Rxc1 Rxc1+ 24.Nxc1 Nfd7 25.Nd3 Nb6 26.Be3 Nc4 27.Ba7 a5 28.
Bxb8 1/2-1/2

[Event "4th Transport Ministry's Cup"]
[Site "Warsaw POL"]
[Date "1978.06.02"]
[Round "4"]
[White "Bernard, Ryszard"]
[Black "Schinzel, Wladyslaw"]
[Result "0-1"]
[WhiteElo "2360"]
[BlackElo "2400"]
[EventDate "1978.05.30"]
[PlyCount "136"]

1.e4 c5 2.Nf3 e6 3.c3 Nf6 4.e5 Nd5 5.d4 cxd4 6.cxd4 b6 7.Nc3 Nxc3 8.bxc3 
Qc7 9.Bd2 Be7 10.Rc1 d6 11.Bd3 Nd7 12.exd6 Bxd6 13.O-O Bb7 14.Re1 Bf4 15.
Bxf4 Qxf4 16.Ne5 Nxe5 17.Rxe5 O-O 18.Qc2 g6 19.Rce1 Rac8 20.Be4 Bxe4 21.
R1xe4 Qf6 22.Re3 Rfd8 23.Qe4 Rd7 24.Rf3 Qd8 25.Qf4 Rxc3 26.Rxc3 Rxd4 27.
Qc1 Rd1+ 28.Re1 Rxc1 29.Rexc1 Qd5 30.a3 e5 31.h3 Kg7 32.Rc7 a6 33.R1c3 b5 
34.Re3 Qd1+ 35.Kh2 Qd6 36.Rcc3 Qd2 37.Kg1 e4 38.g4 Qd5 39.Rc1 a5 40.Rce1 
f5 41.gxf5 gxf5 42.f3 exf3 43.Kf2 Kf6 44.Rxf3 Qd4+ 45.Kg3 h5 46.Ref1 h4+ 
47.Kg2 Qe4 48.Rf2 Kg5 49.Rb2 Qd5 50.Rb3 f4 51.Rd3 Qe5 52.Rd2 Kf5 53.Rfd3 
Qg7+ 54.Kf1 Ke4 55.Rd5 Qc3 56.Rd8 Qxh3+ 57.Kg1 Qxa3 58.Re8+ Kf3 59.Kh2 a4 
60.Rg2 b4 61.Ree2 Qe3 62.Rxe3+ fxe3 63.Rg8 a3 64.Rf8+ Ke2 65.Ra8 Kd2 66.
Kg2 Kc2 67.Kf3 Kb2 68.Ra4 b3 0-1

[Event "4th Transport Ministry's Cup"]
[Site "Warsaw POL"]
[Date "1978.06.02"]
[Round "4"]
[White "Filipowicz, Andrzej"]
[Black "Kuligowski, Adam"]
[Result "1/2-1/2"]
[WhiteElo "2355"]
[BlackElo "2325"]
[EventDate "1978.05.30"]
[PlyCount "57"]

1.e4 c5 2.Nf3 d6 3.d4 cxd4 4.Nxd4 Nf6 5.Nc3 a6 6.f4 Qc7 7.Bd3 e5 8.Nf3 b5 
9.O-O Be7 10.Kh1 Nbd7 11.Nh4 b4 12.Nb1 Nc5 13.Qe1 O-O 14.fxe5 dxe5 15.Bg5 
Nh5 16.Bd2 Nf4 17.Bxf4 exf4 18.Nf3 Bb7 19.Nbd2 Rfe8 20.a3 Rad8 21.Qe2 bxa3
22.bxa3 Bf6 23.Rab1 Ba8 24.Rb4 Nxd3 25.cxd3 Qc2 26.Ne1 Qa2 27.Rc4 Rc8 28.
Rxc8 Rxc8 29.Qg4 1/2-1/2

[Event "4th Transport Ministry's Cup"]
[Site "Warsaw POL"]
[Date "1978.06.02"]
[Round "4"]
[White "Nun, Josef"]
[Black "Balogh, Bela"]
[Result "1-0"]
[WhiteElo "2405"]
[BlackElo "2280"]
[EventDate "1978.05.30"]
[PlyCount "133"]

1.e4 c5 2.Nf3 Nc6 3.c3 d5 4.exd5 Qxd5 5.d4 e6 6.Be3 cxd4 7.cxd4 Bb4+ 8.Nc3
Qa5 9.Qc2 Nf6 10.Bd3 Bd6 11.Qe2 O-O 12.O-O Nb4 13.Bb1 b6 14.Re1 Ba6 15.Qd1
Bb7 16.Ng5 Rad8 17.Bd2 Be7 18.a3 Nbd5 19.Qc2 Nxc3 20.bxc3 Qd5 21.f3 g6 22.
Ba2 Qf5 23.Qxf5 gxf5 24.Nxe6 fxe6 25.Rxe6 Bd5 26.Rxe7 Bxa2 27.Rxa2 Rf7 28.
Rxf7 Kxf7 29.Kf2 Rc8 30.Ke2 Rc4 31.Kd3 b5 32.Ra1 Ra4 33.Kc2 Nd5 34.Rb1 a6 
35.Kb3 Nb6 36.Re1 Nc4 37.Bc1 Na5+ 38.Ka2 Nc4 39.g4 fxg4 40.fxg4 Nd6 41.Kb3
Nc4 42.h4 Na5+ 43.Ka2 Rc4 44.Re3 Nc6 45.Rf3+ Ke6 46.Bg5 Nb8 47.Kb2 Nd7 48.
Re3+ Kd5 49.Re7 Nb6 50.Bd2 Rc6 51.Rxh7 Nc4+ 52.Kc2 Rf6 53.Rh5+ Ke4 54.Rf5 
Rxf5 55.gxf5 Kxf5 56.h5 Nxa3+ 57.Kd3 Nc4 58.h6 Kg6 59.Bc1 Nb6 60.Ke4 a5 
61.d5 b4 62.d6 bxc3 63.Kd3 Nd7 64.Kxc3 Ne5 65.Kb3 Nf7 66.d7 Kf6 67.Bg5+ 
1-0

[Event "4th Transport Ministry's Cup"]
[Site "Warsaw POL"]
[Date "1978.06.02"]
[Round "4"]
[White "Rajna, Gyorgy"]
[Black "Boehlig, Heinz"]
[Result "1-0"]
[WhiteElo "2410"]
[BlackElo "2450"]
[EventDate "1978.05.30"]
[PlyCount "55"]

1.e4 c5 2.Nf3 e6 3.Nc3 a6 4.d4 cxd4 5.Nxd4 Qc7 6.g3 Nc6 7.Bg2 d6 8.O-O Bd7
9.Re1 Nf6 10.Nxc6 Bxc6 11.Nd5 Bxd5 12.exd5 e5 13.c4 Be7 14.Be3 O-O 15.Rc1 
a5 16.f4 Nd7 17.f5 Nc5 18.g4 e4 19.g5 Rfe8 20.Rc3 Bd8 21.Rf1 Qd7 22.Qh5 
Bb6 23.f6 Re5 24.Bd4 Na4 25.Bxb6 Nxb6 26.Rh3 h6 27.fxg7 Rxg5 28.Qxh6 1-0

[Event "4th Transport Ministry's Cup"]
[Site "Warsaw POL"]
[Date "1978.06.02"]
[Round "4"]
[White "Webb, Simon"]
[Black "Gromek, Jozef"]
[Result "1-0"]
[WhiteElo "2445"]
[BlackElo "2370"]
[EventDate "1978.05.30"]
[PlyCount "80"]

1.d4 g6 2.e4 Bg7 3.Nf3 d6 4.Be2 Nf6 5.Nc3 O-O 6.O-O c6 7.h3 Qc7 8.a4 b6 9.
Bf4 Nbd7 10.e5 Ne8 11.exd6 exd6 12.Qd2 Ndf6 13.Rfe1 Be6 14.Ng5 Qd7 15.Bf3 
Nc7 16.a5 b5 17.Nce4 Nxe4 18.Nxe4 Ne8 19.Ng5 Nf6 20.Nxe6 fxe6 21.Re2 Nd5 
22.Bg3 Rxf3 23.gxf3 e5 24.dxe5 Qxh3 25.Qg5 dxe5 26.Rae1 Rf8 27.Qg4 Qxg4 
28.fxg4 e4 29.c3 e3 30.fxe3 Nf6 31.Bd6 Re8 32.e4 Nxg4 33.e5 a6 34.e6 Nh6 
35.Rd1 Nf5 36.Bc5 Bf8 37.Bxf8 Kxf8 38.Rd7 Re7 39.Rd8+ Re8 40.Red2 h5 1-0

[Event "4th Transport Ministry's Cup"]
[Site "Warsaw POL"]
[Date "1978.06.03"]
[Round "5"]
[White "Balogh, Bela"]
[Black "Webb, Simon"]
[Result "1/2-1/2"]
[WhiteElo "2280"]
[BlackElo "2445"]
[EventDate "1978.05.30"]
[PlyCount "58"]

1.d4 Nf6 2.Nf3 e6 3.Bf4 c5 4.c3 Nc6 5.e3 Qb6 6.Qb3 Qxb3 7.axb3 Nd5 8.Bg3 
cxd4 9.Nxd4 Nxd4 10.exd4 f5 11.Bc4 f4 12.Bxd5 fxg3 13.Bf3 gxh2 14.Rxh2 d5 
15.Bh5+ Kd8 16.Bg6 h6 17.Nd2 Bd6 18.Rh5 Bd7 19.Nf3 Be8 20.Bxe8 Rxe8 21.Ne5
Kc7 22.Ke2 a5 23.Rh4 b5 24.Rg4 Re7 25.b4 a4 26.Rf4 Kb6 27.Ke3 Rc7 28.Kd3 
Raa7 29.g4 Ra8 1/2-1/2

[Event "4th Transport Ministry's Cup"]
[Site "Warsaw POL"]
[Date "1978.06.03"]
[Round "5"]
[White "Boehlig, Heinz"]
[Black "Nun, Josef"]
[Result "1/2-1/2"]
[WhiteElo "2450"]
[BlackElo "2405"]
[EventDate "1978.05.30"]
[PlyCount "71"]

1.d4 Nf6 2.Nf3 g6 3.c4 Bg7 4.g3 d5 5.Bg2 O-O 6.O-O c6 7.cxd5 Nxd5 8.Nc3 
Nb6 9.Bf4 Na6 10.Qc1 f6 11.Bh6 Be6 12.Bxg7 Kxg7 13.Rd1 Qe8 14.Ne4 Qf7 15.
b3 Rfd8 16.Nc5 Nxc5 17.dxc5 Nd5 18.Qb2 Qe8 19.Rd2 Nc7 20.Rad1 Bd5 21.Qc2 
e5 22.e4 Be6 23.h3 Qe7 24.b4 Rxd2 25.Qxd2 Qf7 26.a3 Bb3 27.Rb1 Ba4 28.Rb2 
Qe7 29.Qe3 Rd8 30.Rd2 Bb5 31.Bf1 Rd7 32.Bxb5 Nxb5 33.Kg2 Qd8 34.Rxd7+ Qxd7
35.Qb3 Nc7 36.Qc3 1/2-1/2

[Event "4th Transport Ministry's Cup"]
[Site "Warsaw POL"]
[Date "1978.06.03"]
[Round "5"]
[White "Gromek, Jozef"]
[Black "Bernard, Ryszard"]
[Result "1/2-1/2"]
[WhiteElo "2370"]
[BlackElo "2360"]
[EventDate "1978.05.30"]
[PlyCount "106"]

1.c4 e5 2.g3 Nc6 3.Bg2 g6 4.Nc3 Bg7 5.d3 d6 6.e4 Nge7 7.Nge2 O-O 8.Nd5 f5 
9.O-O h6 10.f4 Kh7 11.Rb1 a5 12.Bd2 Ng8 13.Ne3 Nge7 14.Qe1 Nd4 15.Nxd4 
exd4 16.Nd1 Nc6 17.Nf2 Re8 18.Qd1 Bd7 19.Qe2 Qf6 20.b3 Qf7 21.a3 Ne7 22.
Rfc1 b6 23.Qf1 Ra7 24.Bf3 fxe4 25.dxe4 c5 26.a4 Bc6 27.Qg2 Ng8 28.Re1 Rae7
29.Re2 Re6 30.Rbe1 Qb7 31.g4 d3 32.Nxd3 Bd4+ 33.Kf1 Nf6 34.f5 gxf5 35.gxf5
Rg8 36.fxe6 Rxg2 37.Kxg2 Qg7+ 38.Kh1 Qe7 39.Nf4 Be5 40.Nh5 Qxe6 41.Rg2 Qh3
42.Nxf6+ Bxf6 43.Rg3 Qe6 44.Kg1 Bd4+ 45.Kf1 Qf7 46.Ke2 Be5 47.Rg2 Bd7 48.
Rf1 Bh3 49.Bg4 Bxg4+ 50.Rxg4 Qh5 51.h3 Qxh3 52.Rf7+ Kh8 53.Rf8+ Kh7 
1/2-1/2

[Event "4th Transport Ministry's Cup"]
[Site "Warsaw POL"]
[Date "1978.06.03"]
[Round "5"]
[White "Kuligowski, Adam"]
[Black "Rajna, Gyorgy"]
[Result "0-1"]
[WhiteElo "2325"]
[BlackElo "2410"]
[EventDate "1978.05.30"]
[PlyCount "82"]

1.Nf3 d5 2.c4 c6 3.e3 e6 4.d4 f5 5.Be2 Nf6 6.O-O Be7 7.b3 O-O 8.Ba3 Bd7 9.
Bxe7 Qxe7 10.Nc3 Be8 11.Ne5 Nbd7 12.Nxd7 Qxd7 13.c5 Ne4 14.Na4 g5 15.f3 
Nf6 16.f4 h6 17.Nb2 Qg7 18.Nd3 Kh8 19.Ne5 Rg8 20.Bf3 gxf4 21.exf4 Bh5 22.
Qe2 Bxf3 23.Rxf3 Ne4 24.Rc1 Raf8 25.Rc2 Rf6 26.Rh3 Kh7 27.b4 Rg6 28.Kf1 
Rg4 29.Nxg4 fxg4 30.Rd3 g3 31.Kg1 gxh2+ 32.Kxh2 Qf6 33.g3 Qf5 34.Qg2 Rg4 
35.Re2 h5 36.Qh3 Kg7 37.Rf3 Kf7 38.Ree3 h4 39.Kg2 hxg3 40.Qh6 Rg7 41.Qg5 
Qh7 0-1

[Event "4th Transport Ministry's Cup"]
[Site "Warsaw POL"]
[Date "1978.06.03"]
[Round "5"]
[White "Schinzel, Wladyslaw"]
[Black "Witkowski, Stefan"]
[Result "1/2-1/2"]
[WhiteElo "2400"]
[BlackElo "2365"]
[EventDate "1978.05.30"]
[PlyCount "35"]

1.c4 Nf6 2.Nc3 c5 3.g3 d5 4.cxd5 Nxd5 5.Bg2 Nc7 6.Nf3 Nc6 7.Qa4 Bd7 8.Qe4 
g6 9.Ne5 Bg7 10.Nxd7 Qxd7 11.O-O Rc8 12.a3 Ne6 13.Rb1 b6 14.b4 Qd4 15.Qc2 
Qd7 16.Qa2 O-O 17.Bh3 Ncd4 18.bxc5 1/2-1/2

[Event "4th Transport Ministry's Cup"]
[Site "Warsaw POL"]
[Date "1978.06.04"]
[Round "6"]
[White "Bernard, Ryszard"]
[Black "Balogh, Bela"]
[Result "0-1"]
[WhiteElo "2360"]
[BlackElo "2280"]
[EventDate "1978.05.30"]
[PlyCount "104"]

1.e4 c5 2.c3 d5 3.exd5 Qxd5 4.d4 e6 5.Nf3 Nc6 6.Bd3 Nf6 7.O-O Be7 8.dxc5 
Bxc5 9.Qe2 O-O 10.Bg5 Ng4 11.Nbd2 Nge5 12.Be4 Qd6 13.Bc2 Nxf3+ 14.Nxf3 Qc7
15.Rad1 Re8 16.Qe4 g6 17.Qh4 Be7 18.Bxe7 Qxe7 19.Ng5 f6 20.Ne4 Kg7 21.Ba4 
f5 22.Qxe7+ Rxe7 23.Nc5 Ne5 24.Rfe1 Nf7 25.f4 b6 26.Nd3 Bb7 27.Bb3 Kf6 28.
Ne5 Be4 29.Nxf7 Kxf7 30.Rd6 Rg8 31.g3 g5 32.fxg5 Rxg5 33.Kf2 Rh5 34.h4 Rh6
35.Ke3 Rg6 36.Rg1 Kf6 37.g4 Ke5 38.Rd4 Reg7 39.g5 h6 40.gxh6 Rxg1 41.hxg7 
Rxg7 42.Rd2 Rg3+ 43.Kf2 Rh3 44.Rd7 Rxh4 45.Rxa7 Rh2+ 46.Ke1 Kf4 47.Rg7 e5 
48.Bd1 Rxb2 49.Rh7 Rxa2 50.Rh6 Rb2 51.Rh4+ Kg3 52.Rh5 Bd3 0-1

[Event "4th Transport Ministry's Cup"]
[Site "Warsaw POL"]
[Date "1978.06.04"]
[Round "6"]
[White "Nun, Josef"]
[Black "Kuligowski, Adam"]
[Result "0-1"]
[WhiteElo "2405"]
[BlackElo "2325"]
[EventDate "1978.05.30"]
[PlyCount "90"]

1.e4 c5 2.c3 Nf6 3.e5 Nd5 4.d4 cxd4 5.Qxd4 e6 6.Bc4 Nc6 7.Qe4 d6 8.Nf3 
dxe5 9.Nxe5 Qc7 10.Nxc6 bxc6 11.Nd2 Bd6 12.Nf3 O-O 13.O-O e5 14.Rd1 h6 15.
Bxd5 cxd5 16.Qxd5 Bb7 17.Qb5 e4 18.Nh4 Bxh2+ 19.Kh1 a6 20.Qe2 Rad8 21.Be3 
Bf4 22.Nf5 Bxe3 23.fxe3 g6 24.Rxd8 Rxd8 25.Nd4 Rd5 26.Kg1 Rh5 27.Kf2 Qh2 
28.Rg1 Rg5 29.Kf1 Bc8 30.Qf2 Qc7 31.Qf6 Qc4+ 32.Kf2 Bg4 33.Rh1 Bh5 34.Qc6 
Qxa2 35.Qb7 Qc4 36.Qxe4 Qc7 37.Qf4 Qb7 38.Rh2 Qxb2+ 39.Kg1 Qc1+ 40.Kf2 
Qd2+ 41.Kg1 Qe1+ 42.Qf1 Qxe3+ 43.Qf2 Qc1+ 44.Qf1 Qxc3 45.Rh4 Qe3+ 0-1

[Event "4th Transport Ministry's Cup"]
[Site "Warsaw POL"]
[Date "1978.06.04"]
[Round "6"]
[White "Schinzel, Wladyslaw"]
[Black "Gromek, Jozef"]
[Result "1-0"]
[WhiteElo "2400"]
[BlackElo "2370"]
[EventDate "1978.05.30"]
[PlyCount "53"]

1.c4 g6 2.Nf3 Bg7 3.d4 d6 4.g3 Nd7 5.Bg2 e5 6.O-O Ne7 7.Nc3 O-O 8.e4 exd4 
9.Nxd4 Ne5 10.b3 N7c6 11.Nde2 Bg4 12.f3 Bd7 13.f4 Ng4 14.h3 Nf6 15.Bb2 Re8
16.Qd2 a6 17.g4 h6 18.Ng3 Rb8 19.Nd5 b5 20.Bxf6 Bxf6 21.Nxf6+ Qxf6 22.e5 
Qe7 23.Ne4 Red8 24.f5 Qxe5 25.fxg6 Qd4+ 26.Qxd4 Nxd4 27.gxf7+ 1-0

[Event "4th Transport Ministry's Cup"]
[Site "Warsaw POL"]
[Date "1978.06.04"]
[Round "6"]
[White "Webb, Simon"]
[Black "Boehlig, Heinz"]
[Result "1-0"]
[WhiteElo "2445"]
[BlackElo "2450"]
[EventDate "1978.05.30"]
[PlyCount "97"]

1.d4 Nf6 2.c4 e6 3.Nc3 Bb4 4.e3 O-O 5.Bd3 c5 6.Nf3 d5 7.O-O Nc6 8.a3 Bxc3 
9.bxc3 dxc4 10.Bxc4 Qc7 11.Bd3 e5 12.Qc2 Re8 13.dxe5 Nxe5 14.Nxe5 Qxe5 15.
f3 Be6 16.e4 c4 17.Be2 Qc5+ 18.Kh1 Rad8 19.a4 a6 20.a5 Rd7 21.Qb2 Rc8 22.
Qa3 Qxa3 23.Rxa3 Ne8 24.g4 f6 25.Be3 Nc7 26.Raa1 Nb5 27.Rac1 Re8 28.Kg2 
Bf7 29.Kf2 g5 30.Rc2 Kg7 31.Bc5 Red8 32.Ke3 Rc8 33.Bb4 Na7 34.Ra2 Nc6 35.
Bc5 Ne5 36.Bd4 Nd3 37.Rb1 Nf4 38.Rab2 Nxe2 39.Kxe2 Rc6 40.Rxb7 Rxb7 41.
Rxb7 Kg6 42.Kd2 Be8 43.Re7 Bf7 44.Ke3 Rd6 45.f4 gxf4+ 46.Kxf4 Re6 47.Rc7 
Bg8 48.h4 h5 49.e5 1-0

[Event "4th Transport Ministry's Cup"]
[Site "Warsaw POL"]
[Date "1978.06.04"]
[Round "6"]
[White "Witkowski, Stefan"]
[Black "Filipowicz, Andrzej"]
[Result "1/2-1/2"]
[WhiteElo "2365"]
[BlackElo "2355"]
[EventDate "1978.05.30"]
[PlyCount "62"]

1.c4 c5 2.Nc3 Nf6 3.Nf3 Nc6 4.d4 cxd4 5.Nxd4 a6 6.g3 e6 7.Bg2 Qc7 8.O-O d6
9.b3 Bd7 10.Bb2 Rc8 11.Rc1 Qb8 12.Ne4 Be7 13.Nxf6+ Bxf6 14.Nxc6 Bxc6 15.
Bxf6 gxf6 16.Qd4 Bxg2 17.Kxg2 Ke7 18.Rc3 Rhg8 19.Rd1 Rg5 20.Rf3 Rg6 21.
Rfd3 Rc6 22.e4 Rg5 23.h4 Rgc5 24.Rf3 Qh8 25.Rc3 Qc8 26.b4 Rxc4 27.Rxc4 
Rxc4 28.Qxd6+ Ke8 29.Qf4 Ke7 30.Qd6+ Ke8 31.Qf4 Ke7 1/2-1/2